How fast can you type 100 a's - Statistics

General Stats
  • This quiz has been taken 384 times
  • The average score is 93 of 100
Answer Stats
Answer % Correct
a
100%
a
100%
a
100%
a
100%
a
100%
a
100%
a
100%
a
100%
a
99%
a
99%
a
99%
a
99%
a
99%
a
99%
a
99%
a
99%
a
98%
a
98%
a
98%
a
98%
a
98%
a
98%
a
98%
a
98%
a
98%
a
98%
a
98%
a
98%
a
98%
a
98%
a
98%
a
98%
a
98%
a
97%
a
96%
a
96%
a
96%
a
96%
a
96%
a
96%
a
96%
a
96%
a
96%
a
96%
a
96%
a
96%
a
96%
a
95%
a
95%
a
95%
a
95%
a
95%
a
95%
a
95%
a
95%
a
95%
a
95%
a
95%
a
95%
a
95%
a
95%
a
95%
a
95%
a
95%
a
95%
a
95%
a
95%
a
95%
a
95%
a
95%
a
95%
a
95%
a
95%
a
94%
a
94%
a
93%
a
92%
a
92%
a
92%
a
92%
a
90%
a
89%
a
87%
a
86%
a
85%
a
84%
a
83%
a
83%
a
83%
a
83%
a
83%
a
82%
a
80%
a
78%
a
78%
a
77%
a
76%
a
74%
a
72%
a
69%
No matching quizzes found
Score Distribution
Percent of People with Each Score
Percentile by Number Answered
Your Score History
You have not taken this quiz